| 000 | 004290000a22001210004500 | ||
|---|---|---|---|
| 090 |
_aAS _bSeriadas |
||
| 245 | 1 | 0 | _aNuevas especies colombianas de Pentacalia (<Senecioneae-Asteraceae>) |
| 041 | 0 | _aEspañol | |
| 700 | 1 |
_aCuatrecasas, José _911935 |
|
| 100 | 1 |
_aDíaz Piedrahita, Santiago _995842 |
|
| 942 | _cARTICULO | ||
| 773 | 1 |
_tRevista de la Academia Colombiana de Ciencias Exactas, Fisicas y Naturales _332 _h67 _q687-690 _d1990 _g17 |
|
| 999 |
_c14083 _d14083 |
||